| 000 | 01083nas a2200277Ia 4500 | ||
|---|---|---|---|
| 001 | R455/G6829 | ||
| 003 | IT-RoPAU | ||
| 008 | 151124c99999999xx |||||||||||| ||und|| | ||
| 040 | _aIT-RoPAU | ||
| 040 | _cIT-RoPAU | ||
| 041 | _aITALIANO | ||
| 100 |
_aDamilano Marco _gCodice Aut. SPICS: 54595 |
||
| 210 | _aJESUS | ||
| 222 | _aJesus | ||
| 245 |
_aJESUS, ANNO 23-N.04 (APRILE 2001) _bAnno Domini 2000: Il Profeta Galileo |
||
| 250 | _a1a ed. | ||
| 260 |
_aALBA (CN) _bPERIODICI SAN PAOLO _c2001 |
||
| 501 |
_bPaulus - SPICS - Società San Paolo EM (non-commercial uses only) _cCopyright2015 |
||
| 300 | _a6 p. [74-79] | ||
| 362 | _aANNO 023, N.04 (APRILE 2001) | ||
| 500 | _aViaggio Alle Radici Spirituali della Modernità. Lo Scienziato Pisano, Autore del Dialogo Sui Massimi Sistemi, Fu Tutt'Altro che un Nemico della Chiesa. Cattolico Fedelissimo, Era Preoccupato che la Gerarchia Non Perdesse Unincontro Storico con il Progress | ||
| 650 |
_aPASTORALE _vPUBBLICAZIONE PERIODICA |
||
| 700 | _aValle Annachiara | ||
| 700 | _gCodice Aut. SPICS: 54920 | ||
| 942 | _cCR | ||
| 999 |
_c146805 _d146805 |
||